Pillars: architectural details
Saved in:
| Hovedforfatter: | |
|---|---|
| Format: | Bog |
| Sprog: | engelsk |
| Udgivet: |
Berlín
Braun
2008
|
| Udgivelse: | 1a. ed |
| Fag: | |
| Tags: |
Tilføj Tag
Ingen Tags, Vær først til at tagge denne postø!
|
MARC
| LEADER | 00000nam a2200000 a 4500 | ||
|---|---|---|---|
| 001 | UCG4604 | ||
| 003 | CL-VaPUC | ||
| 008 | 101111e20080000GW |||||||||||||||||eng|d | ||
| 020 | |a 9783938780473 | ||
| 082 | 0 | 4 | |a 721.094 |b BRA |2 21 |
| 100 | 0 | |a Braun, Markus Sebastian |e author |9 553995 | |
| 245 | 1 | 0 | |a Pillars: architectural details |
| 250 | |a 1a. ed | ||
| 300 | |a 160 p | ||
| 942 | |c BK | ||
| 945 | |d 20101111 00:00:00 |a mfarfan | ||
| 260 | |a Berlín |b Braun |c 2008 | ||
| 650 | 0 | |a Arquitectura |9 804558 | |
| 650 | 0 | |a Estructura arquitectónica |9 471871 | |
| 650 | 0 | |a Diseño |9 260483 | |
| 651 | 0 | |a Europa |9 255156 | |
| 583 | |a last modification |c 20101111 00:00:00 |k Rodrigo Vera | ||
| 999 | |c 343296 |d 343294 | ||
| 952 | |0 0 |1 0 |4 0 |6 721_094000000000000_BRA_2008 |7 0 |8 A |9 440517 |a BIBARQ |b BIBARQ |d 2019-11-22 |i 4733819 |o 721.094 BRA 2008 |p 4733819 |r 2025-01-20 |w 2019-11-22 |y BK |k ARQ | ||